5 Most Populous Countries per Continent Quiz Stats

 Plays Quiz Updated Apr 26, 2018

Challenge
Share
Tweet
Score 0/30 Timer 04:00
3 Plays Today
% Correct
NA #1: USA
97.3%
NA #2: Mexico
95.3%
SA #1: Brazil
94.7%
AS #1: China
94.3%
AS #2: India
92.8%
EU #1: Russia
92%
NA #3: Canada
90.5%
SA #3: Argentina
90.4%
EU #4: France
85.5%
SA #2: Colombia
83.1%
EU #2: Germany
83%
OC #1: Australia
82.7%
SA #4: Peru
79.2%
EU #5: United Kingdom
77.1%
AF #5: South Africa
75.6%
% Correct
AS #3: Indonesia
73.9%
AF #3: Egypt
73.1%
SA #5: Venezuela
71%
AF #4: Dem. Rep. of the Congo
68.3%
OC #3: New Zealand
63.3%
AF #1: Nigeria
62%
AS #4: Pakistan
55%
OC #2: Papua New Guinea
54.2%
AF #2: Ethiopia
53.3%
NA #5: Cuba
52.8%
EU #3: Turkey
51%
NA #4: Guatemala
36.9%
AS #5: Bangladesh
34.8%
OC #4: Fiji
21%
OC #5: Solomon Islands
16.2%

You're not logged in!

Compare scores with friends on all Sporcle quizzes.
OR
Log In

You Might Also Like...

Show Comments

Extras

Top Quizzes Today


Score Distribution

Your Account Isn't Verified!

In order to create a playlist on Sporcle, you need to verify the email address you used during registration. Go to your Sporcle Settings to finish the process.

Report this User

Report this user for behavior that violates our Community Guidelines.

Details: